000 01464cas a2200289 4500
001 L159821
008 110824c2018 eng u
035 _a(Sirsi) u159821
041 0 _aeng
050 _a333.33 $2 18
110 2 _aSavills
_92020
245 0 0 _aBig shed briefing
_h[electronic resource]
260 _aLondon
_bSavills
_c2018
490 0 _aSavills Research Industrial and Logistics
520 _aSavills Research industrial and logistics sector reports provide in depth insight, helping provide investors, landlord, occupiers and developers with clear and informed market analysis of the big shed and multi-let industrial markets.
650 2 4 _aSAVILLS UK LOGISTICS
650 2 4 _aMARKET ANALYSIS
650 2 4 _aINDUSTRIAL MARKET
651 4 _aUnited Kingdom
_y
690 _aPROPERTY-COMMERCIAL PROPERTY-COMMERCIAL PROPERTY FINANCE AND INVESTMENT
690 _aPROPERTY-COMMERCIAL PROPERTY-COMMERCIAL PROPERTY MARKET
700 1 _aSullivan, Richard
856 4 0 _uhttps://www.savills.com/research/uk-research.aspx
_zView the report free of charge (type industrial and highlight United Kingdom in the Find a report box) at www.savills.com
856 4 0 _uhttps://www.savills.co.uk/research_articles/173927/226936-0
_zView Big shed overview article at www.savills.co.uk
856 4 0 _uhttps://pdf.euro.savills.co.uk/uk/commercial---other/big-shed-briefing----january-2018.pdf
_zView the full document at www.savills.co.uk
942 _n0
999 _c116125
_d116125